| 000 -LEADER |
| fixed length control field |
00831cam a2200277Ia 4500 |
| 020 ## - INTERNATIONAL STANDARD BOOK NUMBER |
| ISBN |
0021092613 |
| 020 ## - INTERNATIONAL STANDARD BOOK NUMBER |
| ISBN |
0021092621 |
| 020 ## - INTERNATIONAL STANDARD BOOK NUMBER |
| ISBN |
002109263X |
| 020 ## - INTERNATIONAL STANDARD BOOK NUMBER |
| ISBN |
0021092648 |
| 020 ## - INTERNATIONAL STANDARD BOOK NUMBER |
| ISBN |
0021092656 |
| 020 ## - INTERNATIONAL STANDARD BOOK NUMBER |
| ISBN |
0021092664 |
| 020 ## - INTERNATIONAL STANDARD BOOK NUMBER |
| ISBN |
0021092672 |
| 020 ## - INTERNATIONAL STANDARD BOOK NUMBER |
| ISBN |
0021092680 |
| 020 ## - INTERNATIONAL STANDARD BOOK NUMBER |
| ISBN |
0021092699 |
| 040 ## - CATALOGING SOURCE |
| Transcribing agency |
GZI |
| 082 ## - DEWEY DECIMAL CLASSIFICATION NUMBER |
| Classification number |
511 MAC 1994 A025 Or. |
| 245 00 - TITLE STATEMENT |
| Title |
Mathematics in action / |
| 260 ## - PUBLICATION, DISTRIBUTION, ETC. (IMPRINT) |
| Place of publication |
New York : |
| Name of publisher |
Macmillan/McGraw-Hill School Pub. Co., |
| Year of publication |
c1994 |
| 300 ## - PHYSICAL DESCRIPTION |
| Number of Pages |
9 v. : |
| Other physical details |
col. ill. ; |
| Dimensions |
27-31 cm. + |
| Accompanying material |
teacher's ed. (9 v. in 17 : col. ill. ; 28 cm.) + Practice + Testing program + Performance assessment |
| 500 ## - GENERAL NOTE |
| General note |
For Grades K-8 |
| 500 ## - GENERAL NOTE |
| General note |
Includes indexes |
| 650 #0 - SUBJECT ADDED ENTRY--TOPICAL TERM |
| Topical Term |
Mathematics |
| 700 1# - ADDED ENTRY--PERSONAL NAME |
| Personal name |
Jackson, Audrey L |
| 710 2# - ADDED ENTRY--CORPORATE NAME |
| Corporate name or jurisdiction name as entry element |
Macmillan/McGraw-Hill School Publishing Company |
| 942 ## - ADDED ENTRY ELEMENTS (KOHA) |
| Koha item type |
សៀវភៅភាសាអង់គ្លេស |
| 952 ## - LOCATION AND ITEM INFORMATION (KOHA) |
| Withdrawn status [LOCAL, KOHA] |
0 |